000 02370cam a22004694i 4500
003 PE-LiUPU
005 20250731173134.0
008 150623s r 000 0 d
020 _a0801096073
035 _a(Sirsi) i9780801096075
040 _aPE-LiUPU
_bspa
_cPE-LiUPU
_erda
049 _aPRUA
082 0 4 _a221.9
_bW79P
_221
100 1 _aWood, Leon James,
_eautor.
245 1 4 _aThe prophets of Israel /
_cLeon James Wood.
264 1 _aGrand Rapids, Michigan :
_bBaker Book House,
_c1979.
300 _a405 p ;
_c24 centímetros
336 _atext
_2rdacontent
337 _aunmediated
_2rdamedia
338 _avolume
_2rdacarrier
504 _aIncluye referencias bibliográficas.
505 0 _aProphetism: Identity. -Contemporary "prophets". -Israel's prophets were not ecstatics. -The meaning of "to prophesy". -The function of the prophet. -The holy spirit and prophecy. -False prophecy in Israel. -A general overview. The prophets: The pre-monarchy prophets: Three early prophets. -Samuel. The monarchy prophets: The reings of Davis, Salomon, and Jeroboam. -The reigns of Rehoboam, Abijam, Asa, Jehoshaphat, and Baasha. -The reign of Ahab: Elijah. -The reigns of Ahab, Joash, and Amaziah. -The reigns from Jehoram to Jehoash: Elisha. The writing prophets: Ninth-century prophets: Obadiah and Joel. -Eighth-century prophets: Hosea, Amos, and Jonah. -Eighth-century prophests: Isaiah and Micah. -Seventh-century prophets: Nahum, Zephaniah, and Habakkuk. -Seventh-century prophets: Jeremiah. -Exilic prophets: Daniel and Ezekiel. -Postexilic prophets: Haggai, Zechariah, and Malachi.
526 _aSEG42
526 _aSEG41
526 _aSEG40
526 _aSEG39
526 _aP94
526 _aP87
526 _aP86
526 _aP85
526 _aP77
526 _aP76
526 _aP35
650 0 4 _aProfecías bíblicas
_xCrítica, interpretación, etc.
650 0 4 _aProfetas.
942 _2ddc
_cBOOK
949 _a221.9 W79P
_wDEWEY
_c1
_i52206
_lCCODEBUL1
_mBUL
_p5.00
_r0
_sY
_tBOOK
_u2015-6-24
_xTEOLOGIA
_PP35
_0COMPRA
_o.STAFF. Colección General
994 _aC0
_bPEPRU
596 _a1
999 _a221.9 W79P
_wDEWEY
_c34017
_i52206
_f2021-11-11
_g5
_lCCODEBUL1
_mBUL
_p5.00
_r0
_sY
_tBOOK
_u2015-6-24
_xTEOLOGIA
_PP35
_0COMPRA
_o.STAFF. Colección General
_d34017
980 _81
_gALBERTO SANCHEZ Responsable de Automatización